A kórházi sürgősségi ellátás alapjai gastrointestinalis vérzések /

Elmentve itt :
Bibliográfiai részletek
Szerző: Schneider Erzsébet
Dokumentumtípus: Könyv
Megjelent: 2015
Kulcsszavak:emésztőrendszer
betegségek
vérzés
sürgősségi
betegellátás
Tárgyszavak:
Online Access:http://eta.bibl.u-szeged.hu/964
LEADER 00930nnm a2200277 i 4500
001 eta964
005 20190411115544.0
008 181120s2015 hu o 0|| hun d
040 |a SZTE Elektronikus Tananyag Archívum  |b hun 
041 |a hun 
100 1 |a Schneider Erzsébet 
245 1 2 |a A kórházi sürgősségi ellátás alapjai   |h [elektronikus dokumentum] :  |b gastrointestinalis vérzések /  |c  Schneider Erzsébet 
260 |c 2015 
300 |a 5 
516 |a Book 
650 4 |a Orvos- és egészségtudomány 
650 4 |a Klinikai orvostan 
650 4 |a Gasztroenterológia és hepatológia 
650 4 |a Intenzív és sürgősségi ellátás 
650 4 |a Sürgősségi ellátás 
695 |a emésztőrendszer 
695 |a betegségek 
695 |a vérzés 
695 |a sürgősségi 
695 |a betegellátás 
856 4 0 |u https://eta.bibl.u-szeged.hu/964/1/schneider_erzsebet_gi_verzesek.pdf  |z Dokumentum-elérés